Dôležité je správne sa rozhodnúť

Bibliographic Details
Main Author: Kopecký, Ivan (Author)
Format: Article
Language:Slovak
Subjects:

MARC

LEADER 00000nab a2200000 a 4500
001 vtls000134470
003 SK-MaSNL
005 20260303030004.0
008 140417c1982 xo 0 slo
015 |a SNBRB19rr/mm-uuuuu 
035 |a CL0144576 
040 |a SNKBUCL  |b slo  |c SNKBUCL  |e AACR2 
041 0 |a slo 
044 |a xo  |c SK 
080 |a 373.5  |2 1981 
080 |a 371.214  |2 1981 
100 1 |a Kopecký, Ivan  |4 aut  |9 5012 
245 1 0 |a Dôležité je správne sa rozhodnúť  |c Ivan Kopecký 
650 0 7 |a gymnáziá  |2 snkbucl  |9 16386 
655 7 |a články z novín a časopisov  |2 snkbucl  |9 267496 
773 0 |t Rodina a škola  |g Roč. 29, č. 8 (1982), s. 4 
850 |a Slovenská národná knižnica v Martine  |a MTA001 
852 |a SNK  |b KIS3GCP 
958 |a RK 
992 |a RBX 
999 |c 1649713  |d 1651643